| 000 | 00848pam a2200241 a 4500 | ||
|---|---|---|---|
| 020 | _a0070176973 | ||
| 040 | _cDLC | ||
| 082 | 0 | 0 | _a650 HIL 1993 A091 Co. |
| 100 | 1 | _aDowling, Edward Thomas, | |
| 245 | 1 | 0 | _aSchaum's outline of theory and problems of mathematical methods for business and economics / |
| 260 |
_aNew York : _bMcGraw-Hill, _cc1993. |
||
| 300 |
_aix, 384 p. : _bill. ; _c28 cm. |
||
| 490 | 0 | _aSchaum's outline series | |
| 500 | _aIncludes index. | ||
| 650 | 0 | _aBusiness mathematics. | |
| 650 | 0 | _aBusiness mathematics | |
| 650 | 0 | _aEconomics, Mathematical. | |
| 650 | 0 | _aEconomics, Mathematical | |
| 856 | 4 | 2 | _uhttp://www.loc.gov/catdir/description/mh022/92011962.html |
| 856 | 4 | 1 | _uhttp://www.loc.gov/catdir/toc/mh021/92011962.html |
| 856 | 4 | 2 | _uhttp://www.loc.gov/catdir/enhancements/fy0737/92011962-b.html |
| 942 | _cEK | ||
| 999 |
_c15615 _d15615 |
||